Valtiot jotka alkaa kirjaimella B - Statistics

Yleistilastot
  • Tätä visaa on pelattu 234 kertaa
  • Keskiarvotulos 12 / 16
Vastaustilastot
Vastaus % Oikein
Belgia
88%
Bolivia
83%
Bangladesh
76%
Bhutan
76%
Bulgaria
75%
Bosnia ja Hertsegovina
74%
Brunei
74%
Bahama
73%
Botswana
73%
Brasilia
73%
Bahrain
72%
Barbados
71%
Benin
70%
Belize
66%
Burundi
63%
Burkina Faso
58%
Ehtoja vastaavia visoja ei löytynyt
Tulosjakauma
Jokaisen tuloksen saaneiden osuus
Persentiili vastausten määrän mukaan
Tuloshistoriasi
Et ole pelannut tätä visaa